|
|
|
|
| LEADER |
01114nam a2200181 a 4500 |
| 008 |
100701s2001 bg b 000 0 eng d |
| 040 |
|
|
|a BD-DhAAL
|c BD-DhAAL
|d BD-DhAAL
|
| 082 |
0 |
0 |
|a 070.4/3
|2 21
|
| 240 |
1 |
0 |
|a নির্দেশিকা
|
| 245 |
1 |
0 |
|a জাতীয় ও স্থানীয় সংবাদ মাধ্যমের প্রতিনিধি/রিপোর্টাদের দক্ষতা উন্নয়ন ও উদ্বুদ্ধকরণ প্রশিক্ষণ /
|c মীর মাসরুর জামান,রচনা ও সম্পাদনা.
|
| 260 |
|
|
|a ঢাকা :
|b ম্যাস্-লাইন মিডিয়া সেন্টার,
|c ২০০১
|
| 300 |
|
|
|a ১৮৪ পৃ. ;
|c ২২ সে.মি.
|c ২০০৪
|
| 541 |
1 |
|
|e 00020028
|
| 700 |
1 |
|
|a জামান,মীর মাসরুর.
|
| 650 |
|
0 |
|a Reporters
|x Reporting
|
| 852 |
4 |
|
|a Ayesha Abed Library
|j General shelf
|
| 999 |
|
|
|c 9138
|d 9138
|
| 952 |
|
|
|0 0
|1 0
|2 ddc
|4 0
|6 070_400000000000000_3_JAT_2001
|7 0
|9 11395
|a BRACUL
|b BRACUL
|c GEN
|d 2010-07-01
|l 0
|o 070.43 JAT
|p 3010020028
|r 2010-07-01
|t 1
|w 2010-07-01
|y BK
|